| 000 | 01299nam a2200265Ia 4500 | ||
|---|---|---|---|
| 999 |
_c3810 _d3810 |
||
| 003 | OSt | ||
| 005 | 20200529122538.0 | ||
| 008 | 191128t2015 ag ad fr 000 0 spa d | ||
| 020 | _a9789876295413 | ||
| 040 |
_aCO-JMCR _cCO-JMCR |
||
| 041 | 0 | _aspa | |
| 082 | 0 | 4 |
_a330 / _bZ943r _223 |
| 100 | 1 |
_aZucman, Gabriel, _eautor _94845 |
|
| 245 | 3 | 0 |
_aLa riqueza escondida de las naciones : _bcómo funcionan los paraísos fiscales y qué hacer con ellos / _cGabriel Zucman ; traducción de Alejandrina Falcón |
| 260 |
_aBuenos Aires : _bSiglo Veintiuno, _c©2015 |
||
| 300 |
_a141 páginas : _bgráficos a blanco y negro ; _c21 cm. |
||
| 490 | 0 | _aSociología y política | |
| 504 | _aBibliografía: páginas 139-141 | ||
| 505 | 0 | _aActuar contra los paraísos fiscales -- Un siglo de finanzas offshore -- La riqueza faltante de las naciones -- Los errores que deben evitarse -- ¿Qué hacer? Un nuevo enfoque | |
| 520 | _aLos paraísos fiscales están en el centro de la crisis global, pero nadie se atreve a hacerles frente. Para algunos, la batalla está perdida de antemano. Desde Ginebra hasta Singapur, desde Hong Kong hasta Panamá, los centros offshore. | ||
| 650 | 1 | 4 |
_aEconomía _94846 |
| 650 | 1 | 4 |
_aFinanzas _94847 |
| 700 | 1 |
_aAlejandrina Falcón, _etraductora _94848 |
|
| 942 |
_2ddc _cBK |
||